00609nam a2200193 a 450000500170000000800410001702000150005805000250007310000220009824501000012025000120022026000350023230000340026750000190030152100090032065000390032965000260036865000210039420140311161023.0040107s19uu xx 00 eng d a071266968X aHF 5386 b.C735 2000 aCollins, James C. aBuilt to last :bSuccessful habits of visionary companies /cJames C. Collins, Jerry I. Porras. a3rd ed. aLondon :bRandom House,c2000. axxiv, 355p. ; bill. ;c24cm. aIncludes Index aBSBA aSuccess in businessxUnited States aIndustrial Management aEntreprenuership